[Event "老子"]
[Site "SchemingMind.com"]
[Date "2016.12.17"]
[Round "-"]
[White "Stephen Woodhouse"]
[Black "echecs"]
[Result "1-0"]
[WhiteCountry "ENG"]
[BlackCountry "ENG"]
[WhiteElo "1924"]
[WhiteRD "53"]
[BlackElo "1843"]
[BlackRD "63"]
[GameID "408104"]

1. e4 e5 2. Nf3 Nc6 3. d4 exd4 4. Nxd4 d6 5. Nc3 Nf6 6. Bb5 Bd7 7. Nxc6 bxc6 8. Be2 Be7 9. O-O O-O 10. Qd3 Qc8
11. Qg3 Re8 12. Bf4 Rb8 13. b3 Qb7 14. e5 Nd5 15. Nxd5 cxd5 16. exd6 cxd6 17. Bf3 Qc7 18. Bxd5 Qxc2 19. Bxd6 Bxd6 20. Qxd6 Bb5
21. Rfc1 Qe2 22. Qf4 Rf8 23. Bxf7+ Kh8 24. Qc7 Rbd8 25. Re1 Qb2 26. Qe7 a6 27. Rad1 Rc8 28. f3 Qxa2 29. Bd5 Rfe8 30. Qh4 Re2
31. Rxe2 Qxe2 32. Re1 Qd2 33. Be4 h6 34. Qf2 Qb4 35. Qe3 Rc3 36. Qb6 Qxb3 37. Qg6 Kg8 38. Qh7+ Kf8 39. Qh8+ Kf7 40. Bh7 Qc4
41. Bg8+
1-0

[Event "老子"]
[Site "SchemingMind.com"]
[Date "2016.12.16"]
[Round "-"]
[White "Scooter"]
[Black "Stephen Woodhouse"]
[Result "1/2-1/2"]
[WhiteCountry "USA"]
[BlackCountry "ENG"]
[WhiteElo "1738"]
[WhiteRD "54"]
[BlackElo "1890"]
[BlackRD "50"]
[GameID "408105"]

1. d4 e6 2. Nf3 f5 3. Bg5 Nf6 4. e3 Be7 5. Be2 O-O 6. O-O b6 7. Nbd2 Bb7 8. c4 Ne4 9. Bxe7 Qxe7 10. a3 d6
11. Bd3 Nd7 12. Qc2 Ndf6 13. b4 a5 14. b5 Rae8 15. Bxe4 Nxe4 16. Nxe4 Bxe4 17. Qe2 Bxf3 18. Qxf3 e5 19. dxe5 Qxe5 20. Qc6 Re7
21. Qd5+ Qxd5 22. cxd5 f4 23. exf4 Rxf4 24. a4 Kf8 25. Rfd1 Ke8 26. Kf1 Rc4 27. f3 Rc2 28. Re1 Rxe1+ 29. Rxe1+ Kd7 30. Re4 Rd2
31. Rf4 Ke7 32. Re4+ Kf7 33. Rf4+ Ke7= 34. Re4+ Kf7 35. Rf4+=
1/2-1/2

[Event "老子"]
[Site "SchemingMind.com"]
[Date "2016.12.16"]
[Round "-"]
[White "Stephen Woodhouse"]
[Black "Scooter"]
[Result "0-1"]
[WhiteCountry "ENG"]
[BlackCountry "USA"]
[WhiteElo "1890"]
[WhiteRD "50"]
[BlackElo "1738"]
[BlackRD "54"]
[GameID "408106"]

1. e4 c6 2. d4 d5 3. e5 Bf5 4. Nc3 e6 5. g4 Bg6 6. Nge2 Nd7 7. Nf4 Bb4 8. h4 h6 9. Nxg6 fxg6 10. Bd3 Ne7
11. Bd2 Qc7 12. O-O O-O-O 13. a3 Bxc3 14. bxc3 Rhf8 15. c4 dxc4 16. Bxc4 Qb6 17. Bb4 c5 18. dxc5 Nxc5 19. Qe2 Nd5 20. Bxd5 Rxd5
21. c4 Rd4 22. Rfd1 Re4 23. Qd2 Rxg4+ 24. Kf1 Rxh4 25. Rab1 Rh1+ 26. Ke2 Rxd1 27. Rxd1 Rxf2+ 28. Kxf2 Ne4+
0-1

[Event "老子"]
[Site "SchemingMind.com"]
[Date "2016.12.16"]
[Round "-"]
[White "Chessibelle"]
[Black "Stephen Woodhouse"]
[Result "1-0"]
[WhiteCountry "ENG"]
[BlackCountry "ENG"]
[WhiteElo "1135"]
[WhiteRD "63"]
[BlackElo "1890"]
[BlackRD "50"]
[GameID "408107"]

1. d4 d5 2. Nf3 Nf6 3. e3 e6 4. Nbd2 c5 5. b3 Nc6 6. Be2 cxd4 7. exd4 Qb6 8. Bb2 Bd7 9. O-O Rc8 10. Bd3 Nb4
11. Be2 Nxc2 12. Rc1 Nb4 13. a3 Nc6 14. Bc3 Bd6 15. g3 O-O 16. Ne5 Rfd8 17. Ndf3 Bb8 18. b4 Nxe5 19. Bd2 Nc4 20. Bg5 Bd6
21. Rb1 Nxa3 22. Rb2 Bb5 23. Qd2 Nc4 24. Bxc4 Bxc4 25. Re1 Be7 26. Ne5 Kf8 27. Qf4 h6 28. Bh4 g5 29. Bxg5 hxg5 30. Qxg5 Ng8
31. Qh5 Qxd4 32. Qxf7#
1-0

[Event "老子"]
[Site "SchemingMind.com"]
[Date "2016.12.16"]
[Round "-"]
[White "Stephen Woodhouse"]
[Black "Chessibelle"]
[Result "1-0"]
[WhiteCountry "ENG"]
[BlackCountry "ENG"]
[WhiteElo "1890"]
[WhiteRD "50"]
[BlackElo "1135"]
[BlackRD "63"]
[GameID "408108"]

1. e4 e5 2. Nf3 Nc6 3. d4 Bd6 4. Bc4 h6 5. O-O b6 6. dxe5 Nxe5 7. Nxe5 Bxe5 8. Qd5 Qf6 9. Qxa8 Qd8 10. Qd5 Qf6
11. Nc3 Ne7 12. Qd3 O-O 13. f4 Bd4+ 14. Kh1 c6 15. e5 Qh4 16. Qxd4 Nf5 17. Qd3 g6 18. Bd2 a6 19. Rf3 Kh7 20. Ne4 d6
21. Nxd6 Bd7 22. Nxf7 Bc8 23. e6 Rg8 24. e7 Re8 25. Nd6 Rxe7 26. Nxc8 Re8 27. Qd7+ Ng7 28. Bc3 Rg8 29. Bxg8+
1-0

[Event "老子"]
[Site "SchemingMind.com"]
[Date "2016.12.19"]
[Round "-"]
[White "Juan Jose Rivas Maceda"]
[Black "Wojtek26"]
[Result "1-0"]
[WhiteCountry "PER"]
[BlackCountry "POL"]
[WhiteElo "2571"]
[WhiteRD "95"]
[BlackElo "1536"]
[BlackRD "48"]
[GameID "408154"]

1. e4 e5 2. Nf3 Nc6 3. Bb5 Nge7 4. O-O g6 5. c3 a6 6. Ba4 b5 7. Bc2 Bg7 8. d4 exd4 9. cxd4 d5 10. exd5 Nxd5
11. Bg5 Bf6 12. Bh6 Be6 13. Nc3 Nxc3 14. bxc3 Bg4 15. Re1+ Kd7 16. h3 Bxf3 17. Qxf3 Kc8 18. Qxc6
1-0

[Event "老子"]
[Site "SchemingMind.com"]
[Date "2016.12.19"]
[Round "-"]
[White "Wojtek26"]
[Black "Juan Jose Rivas Maceda"]
[Result "0-1"]
[WhiteCountry "POL"]
[BlackCountry "PER"]
[WhiteElo "1536"]
[WhiteRD "48"]
[BlackElo "2571"]
[BlackRD "95"]
[GameID "408155"]

1. e4 e5 2. Nf3 Nc6 3. Bc4 Bc5 4. Nc3 Nf6 5. d3 h6 6. O-O d6 7. Re1 a5 8. Nd5 O-O 9. a3 Nxd5 10. Bxd5 a4
11. Bd2 Ne7 12. Bc4 Ng6 13. Qc1 Bg4 14. Bxh6 gxh6 15. Qxh6 Qf6 16. Ng5 Bxf2+ 17. Kh1 Qg7 18. Qxg7+ Kxg7 19. Rf1 Be3 20. Nh3 Nf4
21. Nxf4 exf4 22. h3 Rh8 23. Rae1 Bxh3 24. Rxe3 Bg4+ 25. Kg1 fxe3 26. Rxf7+ Kg6 27. Rxc7 Rh1+ 28. Kxh1 e2 29. Bf7+ Kf6 30. e5+ dxe5
0-1

[Event "老子"]
[Site "SchemingMind.com"]
[Date "2016.12.18"]
[Round "-"]
[White "Steven DuCharme"]
[Black "Wojtek26"]
[Result "1/2-1/2"]
[WhiteCountry "USA"]
[BlackCountry "POL"]
[WhiteElo "1488"]
[WhiteRD "54"]
[BlackElo "1536"]
[BlackRD "48"]
[GameID "408156"]

1. Nf3 Nf6 2. b4 d5 3. Bb2 e6 4. a3 Bd6 5. g3 O-O 6. Bg2 c5 7. bxc5 Bxc5 8. O-O b6 9. e3 Bb7 10. d4 Bd6
11. Nbd2 Nc6 12. c4 Ba6 13. Rc1 dxc4 14. Nxc4 Bxc4 15. Rxc4 Na5 16. Rc1 Rc8 17. Nd2 Qe7 18. Qa4 Rc7 19. Rxc7 Qxc7 20. Rc1 Qb8
21. Ne4 Nxe4 22. Bxe4 Rc8 23. f4 f5 24. Bf3 Rxc1+ 25. Bxc1 Qc8 26. Bb2 Nc4 27. Qc2 Qc7 28. Bc1 g6 29. Be2 b5 30. Bxc4 Qxc4
31. Qxc4 bxc4 32. Bb2 Kf7 33. Kf2 Ke7 34. Ke2 h5 35. h4 Kd7 36. Kd2 Kc6 37. Bc1 Kb5 38. Kc3 a5=
1/2-1/2

[Event "老子"]
[Site "SchemingMind.com"]
[Date "2016.12.19"]
[Round "-"]
[White "Wojtek26"]
[Black "Steven DuCharme"]
[Result "1/2-1/2"]
[WhiteCountry "POL"]
[BlackCountry "USA"]
[WhiteElo "1536"]
[WhiteRD "48"]
[BlackElo "1488"]
[BlackRD "54"]
[GameID "408157"]

1. e4 c6 2. d4 d5 3. Nc3 dxe4 4. Nxe4 Bf5 5. f3 Nf6 6. Nxf6+ exf6 7. c3 Bd6 8. Bd3 Bxd3 9. Qxd3 O-O 10. Ne2 Re8
11. O-O Nd7 12. Bf4 Rxe2 13. Bxd6 Qe8 14. Rab1 g6 15. a3 Qe3+ 16. Qxe3 Rxe3 17. Bf4 Re2 18. Rfe1 Rae8 19. Rxe2 Rxe2 20. Kf1 Rc2
21. g4 Nb6 22. Ke1 Nc4 23. b3 Nxa3 24. Ra1 Nb5 25. c4 Nxd4 26. Rxa7 Nxf3+ 27. Kd1 Rg2 28. Rxb7 g5 29. Bg3 Ne5 30. Bxe5 fxe5
31. Rc7 Rb2 32. Rxc6 Rxb3 33. c5 Rc3 34. Kd2 Rc4=
1/2-1/2

[Event "老子"]
[Site "SchemingMind.com"]
[Date "2016.12.19"]
[Round "-"]
[White "Ilang"]
[Black "Wojtek26"]
[Result "1-0"]
[WhiteCountry "HUN"]
[BlackCountry "POL"]
[WhiteElo "2478"]
[WhiteRD "84"]
[BlackElo "1548"]
[BlackRD "48"]
[GameID "408158"]

1. e4 e5 2. Nf3 Nc6 3. Bb5 Nge7 4. O-O g6 5. c3 a6 6. Ba4 b5 7. Bc2 Bg7 8. d4 exd4 9. cxd4 d6 10. h3 O-O
11. Be3 Bb7 12. Re1 Qb8 13. Qd2 Rd8 14. Bh6 Bxh6 15. Qxh6
1-0

[Event "老子"]
[Site "SchemingMind.com"]
[Date "2016.12.19"]
[Round "-"]
[White "Wojtek26"]
[Black "Ilang"]
[Result "0-1"]
[WhiteCountry "POL"]
[BlackCountry "HUN"]
[WhiteElo "1536"]
[WhiteRD "48"]
[BlackElo "2477"]
[BlackRD "87"]
[GameID "408159"]

1. e4 e5 2. Nf3 Nc6 3. Bc4 Nf6 4. Nc3 Nxe4 5. Bxf7+ Kxf7 6. Nxe4 d5 7. Ng3 e4 8. Ng1 Bc5 9. Qh5+ g6 10. Qh6 Nd4
11. d3 Nxc2+ 12. Kd2 Nxa1 13. Qf4+ Kg8 14. b3 Bd6 15. Qh6 Qf6 16. Ke2 Bg4+ 17. f3 exf3+ 18. gxf3 Re8+ 19. Kf1 Nc2 20. Bg5 Re1+
21. Kf2 Bc5+ 22. Kg2 Rxg1+ 23. Rxg1 Qxf3#
0-1

[Event "老子"]
[Site "SchemingMind.com"]
[Date "2016.12.19"]
[Round "-"]
[White "echecs"]
[Black "Wojtek26"]
[Result "1-0"]
[WhiteCountry "ENG"]
[BlackCountry "POL"]
[WhiteElo "1843"]
[WhiteRD "63"]
[BlackElo "1536"]
[BlackRD "48"]
[GameID "408160"]

1. e4 e5 2. Nf3 Nc6 3. Bc4 Nf6 4. Nc3 Bc5 5. O-O O-O 6. Be2 d6 7. d3 a6 8. Bg5 h6 9. Bh4 Nd4 10. Nxd4 Bxd4
11. Qd2 b5 12. Rab1 Bd7 13. Nd5 g5 14. Bxg5 hxg5 15. Qxg5+ Kh8 16. Nxf6
1-0

[Event "老子"]
[Site "SchemingMind.com"]
[Date "2016.12.19"]
[Round "-"]
[White "Wojtek26"]
[Black "echecs"]
[Result "0-1"]
[WhiteCountry "POL"]
[BlackCountry "ENG"]
[WhiteElo "1573"]
[WhiteRD "51"]
[BlackElo "1863"]
[BlackRD "66"]
[GameID "408161"]

1. e4 e5 2. Nf3 Nc6 3. Bb5 d6 4. Nc3 Bd7 5. O-O Nf6 6. d3 Be7 7. h3 O-O 8. Re1 a6 9. Bxc6 Bxc6 10. a3 Bd7
11. Bg5 h6 12. Bh4 Nh7 13. Bxe7 Qxe7 14. Nd5 Qd8 15. Qd2 c6 16. Nc3 Nf6 17. Ne2 Qc8 18. Ng3 b5 19. b4 Be6 20. Nh4 Kh7
21. Nhf5 Qd7 22. f4 Rad8 23. fxe5 dxe5 24. Rad1 Ng8 25. Nh5 Bxf5 26. exf5 Qxf5 27. Ng3 Qg6 28. Ne4 f6 29. Nc5 Rd4 30. Ne6 Rfd8
31. Nxd8 Rxd8 32. Qc3 Ne7 33. Re4 Rc8 34. Rg4 Qh5 35. d4 f5 36. Rxg7+ Kxg7 37. Qg3+ Ng6 38. Re1 e4 39. Qd6 Rf8 40. Qxc6 Qg5
41. Qxa6 Nf4 42. Kh2 Qxg2#
0-1

[Event "老子"]
[Site "SchemingMind.com"]
[Date "2016.12.18"]
[Round "-"]
[White "Scooter"]
[Black "Wojtek26"]
[Result "1/2-1/2"]
[WhiteCountry "USA"]
[BlackCountry "POL"]
[WhiteElo "1717"]
[WhiteRD "54"]
[BlackElo "1536"]
[BlackRD "48"]
[GameID "408162"]

1. d4 d5 2. Nf3 Nc6 3. Bf4 Nf6 4. e3 Bg4 5. Be2 e6 6. O-O Nh5 7. Ne5 Bxe2 8. Qxe2 Nxf4 9. exf4 Nxe5 10. fxe5 c5
11. Qb5+ Qd7 12. Qxd7+ Kxd7 13. c3 c4 14. Nd2 Be7 15. b3 b5 16. bxc4 bxc4 17. a4 Rab8 18. Rfb1 Bg5 19. Nf1 Rb3 20. Rxb3 cxb3
21. Rb1 Rb8 22. g3 b2 23. Ne3 Rb3 24. Nd1 Bc1 25. Kf1 Ra3 26. Nxb2 Bxb2 27. Rxb2 Rxa4 28. Rb7+ Ke8 29. Rc7 g6 30. h4 a5
31. g4 Ra2 32. g5 a4 33. Ra7 a3 34. Kg2 Ra1 35. Kf3 a2 36. Ra3 Kf8 37. Kg2 Kg7 38. Kf3 h6 39. Kg2 hxg5 40. hxg5 Kf8
41. Kf3 Ke7 42. Ra7+ Kd8 43. Ke2 Kc8 44. Kf3 Kb8 45. Ra3 Kc8 46. Ke2 Kd8 47. Kf3=
1/2-1/2

[Event "老子"]
[Site "SchemingMind.com"]
[Date "2016.12.18"]
[Round "-"]
[White "Wojtek26"]
[Black "Scooter"]
[Result "0-1"]
[WhiteCountry "POL"]
[BlackCountry "USA"]
[WhiteElo "1536"]
[WhiteRD "48"]
[BlackElo "1717"]
[BlackRD "54"]
[GameID "408163"]

1. e4 c6 2. d4 d5 3. Nc3 dxe4 4. Nxe4 Bf5 5. Ng3 Bg6 6. Nf3 Nd7 7. c3 Qc7 8. Bd3 Bxd3 9. Qxd3 Ngf6 10. O-O O-O-O
11. Qc2 e6 12. Ne2 Bd6 13. Bg5 h6 14. Bh4 Rde8 15. Qa4 a6 16. c4 Ng4 17. Bg3 Bxg3 18. fxg3 e5 19. dxe5 Ndxe5 20. Nxe5 Rxe5
21. Nf4 Rd8 22. Rfe1 Qb6+ 23. Kf1 Qf2#
0-1

[Event "老子"]
[Site "SchemingMind.com"]
[Date "2016.12.18"]
[Round "-"]
[White "Chessibelle"]
[Black "Wojtek26"]
[Result "0-1"]
[WhiteCountry "ENG"]
[BlackCountry "POL"]
[WhiteElo "1120"]
[WhiteRD "65"]
[BlackElo "1536"]
[BlackRD "48"]
[GameID "408164"]

1. d4 d5 2. e3 Nf6 3. Nf3 e6 4. Nbd2 Be7 5. Be2 O-O 6. O-O c5 7. b3 a6 8. Bb2 b5 9. c3 Bb7 10. a4 b4
11. Ng5 h6 12. Ngf3 a5 13. Bd3 cxd4 14. cxd4 Nbd7 15. Bb5 Ba6 16. Qe2 Nb6 17. Bd3 Bxd3 18. Qxd3 Rc8 19. Ne5 Nbd7 20. h3 Nxe5
21. Qe2 Ned7 22. Qf3 Rc2 23. Bc1 Qc7 24. e4 dxe4 25. Nxe4 Nxe4 26. Qxe4 Nf6 27. Qd3 Rc3 28. Qe2 Rxb3 29. f3 Nh5 30. Kf2 Bh4+
31. Kg1 Ng3 32. Qd1 Qc4 33. Qe1 Ne2+
0-1

[Event "老子"]
[Site "SchemingMind.com"]
[Date "2016.12.17"]
[Round "-"]
[White "Wojtek26"]
[Black "Chessibelle"]
[Result "1-0"]
[WhiteCountry "POL"]
[BlackCountry "ENG"]
[WhiteElo "1536"]
[WhiteRD "48"]
[BlackElo "1120"]
[BlackRD "65"]
[GameID "408165"]

1. e4 e5 2. Nf3 Nc6 3. Bc4 h6 4. O-O Nge7 5. Re1 d6 6. h3 f6 7. a3 g5 8. d4 Bd7 9. d5 Na5 10. Bd3 c6
11. b4 Qb6 12. bxa5 Qxa5 13. Bd2 Qb6 14. Be3 c5 15. c4 Qd8 16. Nc3 a6 17. Rb1 Rb8 18. Na4 Ng6 19. Nb6 Bxh3 20. gxh3 Nf4
21. Bxf4 exf4 22. Qa4+ Kf7 23. Nd7 Rc8 24. Rxb7 Be7 25. Qxa6 Kg6 26. e5+ Kh5 27. e6 Qg8 28. Be2 Re8 29. Nfe5+ Kh4 30. Ng4 Kxh3
31. Rb3+ Kh4 32. Kh2 Qg6 33. Rh3#
1-0

[Event "老子"]
[Site "SchemingMind.com"]
[Date "2016.12.18"]
[Round "-"]
[White "Stephen Woodhouse"]
[Black "Wojtek26"]
[Result "1-0"]
[WhiteCountry "ENG"]
[BlackCountry "POL"]
[WhiteElo "1890"]
[WhiteRD "50"]
[BlackElo "1548"]
[BlackRD "48"]
[GameID "408166"]

1. e4 e5 2. Nf3 Nc6 3. d4 d6 4. Bc4 Bg4 5. dxe5 Nxe5 6. Be2 Nxf3+ 7. Bxf3 Bxf3 8. Qxf3 Nf6 9. Nc3 Be7 10. Be3 a6
11. O-O-O b5 12. Nd5 Nxd5 13. Rxd5 O-O 14. e5 Qc8 15. exd6 Bxd6 16. Rhd1 Qe6 17. Bf4 Bxf4+ 18. Qxf4 Qh6 19. Qxh6 gxh6 20. Rc5 Rac8
21. Rd7 Rfe8 22. Kd2 Red8 23. Rcd5 Rxd7 24. Rxd7 c5 25. Rd6 Ra8 26. Rxh6 Kg7 27. Rd6 f6 28. b3 Kf7 29. Rc6 Rg8 30. g3 Rd8+
31. Ke2 Re8+ 32. Kf3 c4 33. bxc4 bxc4 34. Rxc4 Rb8 35. Kf4 Rb2 36. a4 Ra2 37. Kf5 h6 38. Rc7+ Ke8 39. Kxf6 Rxa4 40. f4 a5
41. f5 Rb4 42. h3 a4 43. Ra7 Rc4 44. Kg7 Rxc2 45. f6
1-0

[Event "老子"]
[Site "SchemingMind.com"]
[Date "2016.12.18"]
[Round "-"]
[White "Wojtek26"]
[Black "Stephen Woodhouse"]
[Result "0-1"]
[WhiteCountry "POL"]
[BlackCountry "ENG"]
[WhiteElo "1548"]
[WhiteRD "48"]
[BlackElo "1890"]
[BlackRD "50"]
[GameID "408167"]

1. e4 e6 2. c4 d5 3. e5 c5 4. Nf3 Nc6 5. Nc3 d4 6. Ne4 f5 7. Nd6+ Bxd6 8. exd6 Qxd6 9. Bd3 Ne5 10. Nxe5 Qxe5+
11. Qe2 Qxe2+ 12. Bxe2 Nf6 13. d3 Bd7 14. b3 Bc6 15. O-O O-O-O 16. Bg5 Rhf8 17. f4 h6 18. Bxf6 Rxf6 19. Bf3 Kc7 20. Bxc6 Kxc6
21. Rfe1 Re8 22. Re2 Kd6 23. Rae1 g5 24. g3 gxf4 25. gxf4 Rg6+ 26. Kh1 Rg4 27. Rf1 e5 28. h3 Rg3 29. fxe5+ Rxe5 30. Rxe5 Kxe5
31. Rd1 Rxh3+ 32. Kg2 Re3 33. Kf2 Kf4 34. Rd2 h5 35. a3 h4 36. b4 cxb4 37. axb4 h3 38. c5 Rg3 39. Kf1 a6 40. Rf2+ Rf3
41. Rxf3+ Kxf3
0-1

[Event "老子"]
[Site "SchemingMind.com"]
[Date "2016.12.20"]
[Round "-"]
[White "Juan Jose Rivas Maceda"]
[Black "Transcendent"]
[Result "1-0"]
[WhiteCountry "PER"]
[BlackCountry "ENG"]
[WhiteElo "2563"]
[WhiteRD "82"]
[BlackElo "1719"]
[BlackRD "63"]
[GameID "408225"]

1. e4 e6 2. d4 d5 3. Nc3 Bb4 4. e5 c5 5. a3 Bxc3+ 6. bxc3 Ne7 7. Qg4 cxd4 8. Qxg7 Rg8 9. Qxh7 Qc7 10. Ne2 dxc3
11. f4 Nbc6 12. h4 Bd7 13. h5 d4 14. h6 O-O-O 15. Qd3 Nf5 16. h7 Rh8 17. Rb1 Na5 18. g4 Bc6 19. Rh3 Ne3 20. Bxe3 dxe3
21. Qxe3 Ba4 22. Nxc3 Bxc2 23. Nb5 Qe7 24. Qxa7 Bxb1 25. Rc3+
1-0

[Event "老子"]
[Site "SchemingMind.com"]
[Date "2016.12.20"]
[Round "-"]
[White "Transcendent"]
[Black "Juan Jose Rivas Maceda"]
[Result "0-1"]
[WhiteCountry "ENG"]
[BlackCountry "PER"]
[WhiteElo "1719"]
[WhiteRD "63"]
[BlackElo "2563"]
[BlackRD "82"]
[GameID "408226"]

1. d4 d5 2. c4 dxc4 3. e4 e5 4. Nf3 Bb4+ 5. Nc3 exd4 6. Qxd4 Nf6 7. Qxc4 Qe7 8. e5 Nc6 9. Be2 Bxc3+ 10. Qxc3 Nd5
11. Qb3 Qb4+ 12. Qxb4 Ndxb4 13. Bd1 Bg4 14. O-O O-O-O 15. a3 Nd3 16. Ng5 Bxd1 17. Rxd1 Ndxe5 18. Bf4 Rxd1+ 19. Rxd1 Rd8 20. Rxd8+ Kxd8
21. Bxe5 Nxe5 22. Kf1 Nc4 23. Nxf7+ Ke7 24. Ng5 Nxb2 25. Ke2 a5 26. Ne4 b5 27. Nc3 c6 28. h3 Kd6 29. f4 Nc4 30. Nb1 Kd5
31. g4 c5 32. Nc3+ Kc6 33. Nb1 b4 34. axb4 cxb4 35. Kd3 Kd5 36. h4 a4
0-1

[Event "老子"]
[Site "SchemingMind.com"]
[Date "2016.12.20"]
[Round "-"]
[White "Steven DuCharme"]
[Black "Transcendent"]
[Result "1-0"]
[WhiteCountry "USA"]
[BlackCountry "ENG"]
[WhiteElo "1593"]
[WhiteRD "56"]
[BlackElo "1688"]
[BlackRD "62"]
[GameID "408227"]

1. Nf3 d5 2. e3 Nf6 3. c4 e6 4. Be2 dxc4 5. Qa4+ c6 6. Qxc4 Be7 7. d4 O-O 8. O-O b5 9. Qc2 Bb7 10. a3 Nbd7
11. Nbd2 a6 12. b4 Nd5 13. Bb2 N7b6 14. Nb3 Na4 15. Rac1 Rc8 16. Nc5 Nxc5 17. dxc5 a5 18. Rfd1 Qc7 19. Be5 Qd8 20. e4 Bf6
21. exd5 cxd5 22. Bxf6 Qxf6 23. Qc3 Qxc3 24. Rxc3 axb4 25. axb4 Rc6 26. Bxb5 Rc7 27. c6 Ba8 28. Ne5 f6 29. Nd7 Rd8 30. Rdc1 Kf7
31. Ba4
1-0

[Event "老子"]
[Site "SchemingMind.com"]
[Date "2016.12.20"]
[Round "-"]
[White "Transcendent"]
[Black "Steven DuCharme"]
[Result "1-0"]
[WhiteCountry "ENG"]
[BlackCountry "USA"]
[WhiteElo "1636"]
[WhiteRD "81"]
[BlackElo "1482"]
[BlackRD "55"]
[GameID "408228"]

1. d4 Nf6 2. c4 e6 3. g3 c5 4. d5 exd5 5. cxd5 d6 6. Nc3 Be7 7. Bg2 O-O 8. Nf3 a6 9. a4 Nbd7 10. h3 b6
11. O-O Bb7 12. e4 Re8 13. Qc2 Nf8 14. Be3 h6 15. Rfe1 Ng6 16. Rad1 Rc8 17. b3 Bf8 18. Nd2 Nd7 19. f4 f6 20. Nf3 Ne7
21. Kh2 c4 22. b4 Qc7 23. Nd4 Ng6 24. Ne6
1-0

[Event "老子"]
[Site "SchemingMind.com"]
[Date "2016.12.20"]
[Round "-"]
[White "Ilang"]
[Black "Transcendent"]
[Result "1/2-1/2"]
[WhiteCountry "HUN"]
[BlackCountry "ENG"]
[WhiteElo "2468"]
[WhiteRD "86"]
[BlackElo "1636"]
[BlackRD "81"]
[GameID "408229"]

1. e4 e6 2. d4 d5 3. Nc3 Bb4 4. e5 c5 5. a3 Bxc3+ 6. bxc3 Ne7 7. Qg4 cxd4 8. Qxg7 Rg8 9. Qxh7 Qc7 10. Ne2 dxc3
11. f4 Nbc6 12. Qd3 d4 13. Nxd4 Nxd4 14. Qxd4 Bd7 15. Rg1 Nf5 16. Qf2 Qc6 17. Bd3 Qd5 18. Be3 Nxe3 19. Qxe3 Rxg2 20. Rxg2 Qxg2
21. O-O-O Qd5 22. Rg1 O-O-O 23. Qxa7 Bc6 24. Rd1 Rd7 25. Re1 Qf3=
1/2-1/2

[Event "老子"]
[Site "SchemingMind.com"]
[Date "2016.12.20"]
[Round "-"]
[White "Transcendent"]
[Black "Ilang"]
[Result "0-1"]
[WhiteCountry "ENG"]
[BlackCountry "HUN"]
[WhiteElo "1636"]
[WhiteRD "81"]
[BlackElo "2468"]
[BlackRD "86"]
[GameID "408230"]

1. d4 d5 2. c4 c6 3. Nf3 Nf6 4. e3 e6 5. b3 Bd6 6. Bb2 O-O 7. Bd3 Nbd7 8. O-O Ne4 9. Nfd2 f5 10. f3 Qh4
11. f4 b6 12. Nf3 Qe7 13. Bxe4 fxe4 14. Ne5 Bb7 15. Nc3 Bb4 16. Ne2 Nxe5 17. fxe5 Rxf1+ 18. Qxf1 Rf8 19. Qd1 Qf7 20. cxd5 Qf2+
21. Kh1 exd5 22. a3 Be7 23. Bc1 Qf1+ 24. Qxf1 Rxf1+ 25. Ng1 Bg5 26. Bb2 Rxa1 27. Bxa1 Bxe3 28. Ne2= Ba6 29. Ng3 Bd2 30. Kg1 e3
0-1

[Event "老子"]
[Site "SchemingMind.com"]
[Date "2016.12.24"]
[Round "-"]
[White "echecs"]
[Black "Transcendent"]
[Result "1-0"]
[WhiteCountry "ENG"]
[BlackCountry "ENG"]
[WhiteElo "1873"]
[WhiteRD "67"]
[BlackElo "1688"]
[BlackRD "62"]
[GameID "408231"]

1. e4 c5 2. c3 Nf6 3. e5 Nd5 4. Nf3 e6 5. d4 cxd4 6. cxd4 d6 7. Be2 dxe5 8. dxe5 Bb4+ 9. Bd2 Qa5 10. O-O Bxd2
11. Nbxd2 b5 12. Nb3 Qb6 13. Rc1 O-O 14. Nfd4 a6 15. Bf3 Nd7 16. Nc6 Bb7 17. Nba5 Bxc6 18. Nxc6 Nb8 19. Ne7+ Kh8 20. Nxd5 exd5
21. Qxd5
1-0

[Event "老子"]
[Site "SchemingMind.com"]
[Date "2016.12.24"]
[Round "-"]
[White "Transcendent"]
[Black "echecs"]
[Result "0-1"]
[WhiteCountry "ENG"]
[BlackCountry "ENG"]
[WhiteElo "1688"]
[WhiteRD "62"]
[BlackElo "1873"]
[BlackRD "67"]
[GameID "408232"]

1. d4 d6 2. c4 c6 3. Nc3 a6 4. e4 g6 5. f4 Bg7 6. Be3 Nf6 7. Bd3 O-O 8. Nf3 b5 9. b3 Bb7 10. O-O Nbd7
11. Rc1 Ng4 12. Qd2 Nxe3 13. Qxe3 b4 14. Ne2 a5 15. e5 dxe5 16. fxe5 e6 17. Ng3 Rc8 18. Ne4 Ba8 19. Nd6 Rb8 20. Rc2 Nb6
21. Ng5 Bh6 22. h4 Qe7 23. Rcf2 f5 24. exf6 Qxd6 25. f7+ Kh8 26. c5 Nd5 27. Qxe6 Qxe6 28. Nxe6 Be3 29. Kh2 Bxf2 30. Rxf2 Ne3
0-1

[Event "老子"]
[Site "SchemingMind.com"]
[Date "2016.12.20"]
[Round "-"]
[White "Scooter"]
[Black "Transcendent"]
[Result "1-0"]
[WhiteCountry "USA"]
[BlackCountry "ENG"]
[WhiteElo "1708"]
[WhiteRD "53"]
[BlackElo "1714"]
[BlackRD "62"]
[GameID "408233"]

1. d4 Nf6 2. Nf3 d5 3. Bf4 c5 4. e3 Qb6 5. b3 Nc6 6. Be2 Bf5 7. dxc5 Qxc5 8. Bd3 Bg6 9. O-O Nh5 10. Be5 Bxd3
11. cxd3 Nxe5 12. Nxe5 Nf6 13. Nd2 e6 14. Rc1 Qd6 15. d4 Be7 16. Qc2 O-O 17. Qc7 Qxc7 18. Rxc7 Bb4 19. Ndf3 Rab8 20. g4 Bd6
21. Rc2 Bxe5 22. Nxe5 Rbc8 23. Rfc1 Rxc2 24. Rxc2 g5 25. Rc7 Rb8 26. Rxf7 Nxg4 27. Re7 Nxe5 28. dxe5 a5 29. Rxe6 Rd8 30. Rb6 Rd7
31. Rb5 a4 32. bxa4 Kf7 33. Rb6 Rc7 34. a5 h5 35. a6 bxa6 36. Rxa6 Re7 37. a4 Rxe5 38. a5 Re4 39. Ra7+ Kf6 40. a6 Ra4
41. Ra8 Kf5 42. a7 Kg4 43. Kg2 Ra2 44. h3+ Kh4 45. Kf3 Ra4 46. Kg2 Ra2 47. Rd8 Rxa7 48. Rxd5 g4 49. hxg4 hxg4= 50. Rd6 Re7
51. Rh6+ Kg5 52. Rh8 Rf7 53. Kf1 Kf5 54. Rh5+ Ke4 55. Kg2 Rg7 56. Kg3 Rg6 57. Rb5 Rg7 58. Rb4+ Kf5 59. Rf4+ Ke5 60. Rxg4 Rf7
61. f4+ Ke4 62. Kf2 Ra7 63. Rg3 Ra2+ 64. Kg1 Rd2 65. Kh1 Kf5 66. Rg2 Rd3 67. Re2 Ke4 68. Kg2 Rd8 69. Kf1 Rd1+ 70. Kf2 Rd8
71. Rb2 Rh8 72. Rb4+ Kf5 73. Kg3 Rg8+ 74. Kf3 Rh8 75. e4+ Kf6 76. Rb6+ Ke7 77. e5 Rh3+ 78. Kg4 Rh1 79. f5 Rg1+ 80. Kh5 Rh1+
81. Kg6 Rg1+ 82. Kh7 Rh1+ 83. Rh6 Re1 84. f6+ Kf7 85. Rh5 Re4 86. Kh8 Kg6 87. Rh7 Rxe5 88. f7
1-0

[Event "老子"]
[Site "SchemingMind.com"]
[Date "2016.12.20"]
[Round "-"]
[White "Transcendent"]
[Black "Scooter"]
[Result "0-1"]
[WhiteCountry "ENG"]
[BlackCountry "USA"]
[WhiteElo "1636"]
[WhiteRD "81"]
[BlackElo "1715"]
[BlackRD "56"]
[GameID "408234"]

1. e4 c6 2. d4 d5 3. Nc3 dxe4 4. Nxe4 Bf5 5. Ng3 Bg6 6. h4 h6 7. Nf3 Nd7 8. h5 Bh7 9. Bd3 Bxd3 10. Qxd3 Qc7
11. Bd2 O-O-O 12. O-O-O Ngf6 13. Ne4 Nxe4 14. Qxe4 Nf6 15. Qe2 e6 16. g3 Bd6 17. c4 Rhe8 18. Bc3 Nd7 19. Rhe1 Nf6 20. Ne5 Bxe5
21. dxe5 Ng8 22. Rxd8+ Rxd8 23. Bb4 Ne7 24. Bd6 Qd7 25. Qe3 Nf5 26. Qxa7 Nxd6 27. Rd1 Qc7 28. Qa8+ Kd7 29. Rxd6+ Qxd6 30. exd6 Rxa8
0-1

[Event "老子"]
[Site "SchemingMind.com"]
[Date "2016.12.20"]
[Round "-"]
[White "Transcendent"]
[Black "Chessibelle"]
[Result "1-0"]
[WhiteCountry "ENG"]
[BlackCountry "ENG"]
[WhiteElo "1636"]
[WhiteRD "81"]
[BlackElo "1136"]
[BlackRD "61"]
[GameID "408235"]

1. e4 e5 2. Nf3 Nc6 3. Bb5 Nge7 4. Nc3 g6 5. d4 Bg7 6. Nxe5 Nxe5 7. dxe5 O-O 8. f4 c6 9. Bd3 Qc7 10. O-O d6
11. exd6 Qxd6 12. e5 Qc5+ 13. Kh1 Qb6 14. Ne4 Qc7 15. Qf3 h5 16. h3 Nf5 17. Ng5 Nd4 18. Qf2 Bd7 19. Qxd4 c5 20. Qf2 f6
21. exf6 Rxf6 22. Bd2 Rd6 23. Rae1 Qb6 24. Bc4+ Kf8 25. Nh7#
1-0